Danmark 1:40,000.

Bibliographic Details
Corporate Author: Geodætisk institut (Denmark)
Format: Map
Language:Danish
Published: København : The Institute, 1935?-
Subjects:

MARC

Tag First Indicator Second Indicator Subfields
LEADER 00000cem a2200000 a 4500
001 in00001396607
005 20151020051749.0
007 aj canzn
008 951101m19359999dk ag a 0 dan d
034 1 |a a  |b 40000 
035 |a (OCoLC)33399408 
035 |9 AHM0828AM 
040 |a MUX  |c MUX  |d TXA  |d UtOrBLW 
049 |a TXAC 
052 |a 6920 
090 |a G6920  |b s40 .G4 
110 2 |a Geodætisk institut (Denmark) 
245 1 0 |a Danmark 1:40,000. 
255 |a Scale 1:40,000 
264 1 |a København :  |b The Institute,  |c 1935?- 
300 |a maps :  |b color ;  |c 38 x 48 cm. 
336 |a cartographic image  |b cri  |2 rdacontent 
337 |a unmediated  |b n  |2 rdamedia 
338 |a sheet  |b nb  |2 rdacarrier 
500 |a Relief shown by contour lines and spot heights. 
500 |a Cartographic material. 
651 0 |a Denmark  |x Maps, Topographic. 
999 |a MARS 
999 f f |s 8c9f4648-744f-32f9-8a7a-c268206496fc  |i 4fafa383-6eee-3bc0-9ce7-8c9bc9a6f8f1  |t 0 
952 f f |p normal  |a Texas A&M University  |b College Station  |c Sterling C. Evans Library  |d Evans: Maps (2nd floor)  |t 0  |e G6920 s40 .G4  |h Library of Congress classification  |i unmediated -- sheet  |k Sheet 3030:Kobenhavn  |m A14821610809 
998 f f |a G6920 s40 .G4  |s Sheet 3030 (Kobenhavn)  |t 0  |l Evans: Maps (2nd floor)